Aktuální přístupy k environmentálnímu pojištění

Medzi nástrojmi modernej ekologickej politiky vyspelých krajín sa stále častejšie objavujú ekonomické nástroje. Jedným z týchto nástrojov je environmentálne poistenie. Predpokladom jeho rozvoja bolo ujasnenie základných pojmov - zodpovednosť za životné prostredie a poistenie zákonnej zodpovednosti z...

Descrizione completa

Salvato in:
Dettagli Bibliografici
Autore principale: Štěpánek, Zdeněk
Natura: Capitolo di libro
Lingua:ceco
Soggetti:
Tags: Aggiungi Tag
Nessun Tag, puoi essere il primo ad aggiungerne!!

MARC

LEADER 00000naa a2200000 4500
001 r030878
005 20230922093211.5
041 0 |a cze 
044 |a CZ 
245 1 0 |a Aktuální přístupy k environmentálnímu pojištění  |c Zdeněk Štěpánek 
520 |a Medzi nástrojmi modernej ekologickej politiky vyspelých krajín sa stále častejšie objavujú ekonomické nástroje. Jedným z týchto nástrojov je environmentálne poistenie. Predpokladom jeho rozvoja bolo ujasnenie základných pojmov - zodpovednosť za životné prostredie a poistenie zákonnej zodpovednosti za škody zo znečistenia životného prostredia. 
610 2 0 |a poistenie 
610 2 0 |a prostredie životné 
610 2 0 |a znečistenie prostredia životného 
610 2 0 |a politika environmentálna 
610 2 0 |a poistenie zodpovednosti za škody 
100 1 |a Štěpánek, Zdeněk